Ends in 'GAL' Quiz Stats

Quiz Updated Sep 19, 2014

Also try: Ends in 'GUE'
Challenge
Share
Tweet
Embed
Score 0/14 Timer 02:00
2 Plays Today
Hint Word % Correct
A Cincinnati footballer, or a type of tigerBengal
94%
Outside the lawIllegal
93.9%
Majestic or kinglyRegal
91.5%
West African nationSenegal
83.9%
ThriftyFrugal
83.3%
Lawyer's assistantParalegal
78.4%
Hollywood action star, Steven ______Seagal
75.7%
Hint Word % Correct
Kind of prison visitConjugal
70.5%
Iberian nationPortugal
61.5%
Like yeasts and moldsFungal
59.2%
Force moving away from a central axisCentrifugal
57.4%
Wasteful, like some sonsProdigal
48%
Irish town and countyDonegal
36.4%
Medieval vocal songMadrigal
28%

You're not logged in!

Compare scores with friends on all Sporcle quizzes.
Join for Free
OR
Log In

You Might Also Like...

Show Comments

Extras

Top Quizzes Today


Score Distribution

Your Account Isn't Verified!

In order to create a playlist on Sporcle, you need to verify the email address you used during registration. Go to your Sporcle Settings to finish the process.

Report this User

Report this user for behavior that violates our Community Guidelines.

Details: